000 00631nam a22001937a 4500
999 _c63250
_d63250
005 20250707110940.0
008 250707s2019 en ||||| |||| 00| 0 eng d
020 _a9781496366993 X
041 _aeng
080 _a618 P-85
245 _a Pocket obstetrics and gynecology /
_cEditor : K. Joseph Hurt
250 _aSecond edition
264 _aPhiladelphia :
_bWolters Kluwer,
_c[2019] .
300 _a383 p.
_bill. ;
_c18 cm.
_eIncludes index
653 _a Chirurgie obstétricale Generative organs, Female
653 _aგინეკოლოგია
700 _aHurt, K. Joseph
_925614
942 _2udc
_cᲬᲘᲒᲜᲘ